Top 10 Best Selling Merchandise NBA 2024 - Statistics

General Stats
  • This quiz has been taken 31 times
  • The average score is 9 of 10
Answer Stats
# Team % Correct
3 Golden State Warriors
100%
1 Los Angeles Lakers
100%
2 Boston Celtics
93%
7 New York Knicks
93%
9 San Antonio Spurs
93%
4 Milwaukee Bucks
90%
5 Chicago Bulls
86%
10 Denver Nuggets
79%
6 Philadelphia 76ers
79%
8 Phoenix Suns
76%
No matching quizzes found
Score Distribution
Percent of People with Each Score
Percentile by Number Answered
Your Score History
You have not taken this quiz